000 00624nam a2200181Ia 4500
008 100921s9999 xx 000 0 und d
082 _b5008
_a080 थ 0
100 _aभावे पुरूषोत्तम भास्कर.
245 _aरक्त आणि अश्रू.
260 _b---
_c0
300 _a99
_b---
365 _b0
520 _aसं.साहित्य,मुुुलाखती.
630 _aरक्त आणि अश्रू.
650 _aसं.साहित्य,मुुुलाखती.
730 _aरक्त आणि अश्रू.
942 _cBOOK
999 _c754121
_d754118